000 00242 a2200085 4500
020 _a9788192473376
100 _a Pietro Laureano
245 _aWater Conservation Techniques in Traditional Human Settlements
260 _bCopal Publishing Group
_c2013
999 _c13336
_d13336